| 000 | 00850nam a2200229 u 4500 | ||
|---|---|---|---|
| 005 | 20240920064008.0 | ||
| 008 | 140514s1997 r 000 0 eng d | ||
| 020 | _a9687837055 | ||
| 035 | _aUPN01000197203 | ||
| 049 | _aUNE | ||
| 050 | 4 |
_aLC213 _bK3.7 |
|
| 100 | 1 |
_aKalman Landman, Judith, _d1954- _931731 |
|
| 245 | 1 | 3 |
_aLa responsabilidad social por garantizar a los jóvenes y adultos de escasa escolaridad nuevas oportunidades educativas que promuevan una alfabetización amplia y conocimientos actualizados / _cJudith Kalman. |
| 260 |
_aMéxico : _bUNESCO : _bCEA, _c1997. |
||
| 300 |
_a49 p. : _bcuadros |
||
| 440 | 0 |
_aCuaderno de trabajo ; _v6 |
|
| 650 | 4 |
_aIgualdad de oportunidades en educación _95002 |
|
| 650 | 4 |
_aAlfabetización (Educación) _91831 |
|
| 650 | 4 |
_aEducación de adultos _9956 |
|
| 905 | _aLibro | ||
| 999 |
_c169304 _d169304 |
||